Breakthrough on skis : (Запис № 476433)

МАРК-запис
000 -LEADER
fixed length control field 01460cam a2200349 a 4500
001 - CONTROL NUMBER
control field breakthroughonsk00teja
003 - CONTROL NUMBER IDENTIFIER
control field CaSfIA
005 - DATE AND TIME OF LATEST TRANSACTION
control field 20210117221646.0
007 - PHYSICAL DESCRIPTION FIXED FIELD--GENERAL INFORMATION
fixed length control field cr||||
008 - FIXED-LENGTH DATA ELEMENTS--GENERAL INFORMATION
fixed length control field 860606s1986 nyua 000 0 eng
010 ## - LIBRARY OF CONGRESS CONTROL NUMBER
LC control number 86040146
040 ## - CATALOGING SOURCE
Original cataloging agency DLC
Transcribing agency DLC
Modifying agency BTCTA
-- YDXCP
-- VP@
-- CaSfIA
020 ## - INTERNATIONAL STANDARD BOOK NUMBER
International Standard Book Number 0394747038 (pbk.) :
Terms of availability $6.95
020 ## - INTERNATIONAL STANDARD BOOK NUMBER
International Standard Book Number 9780394747033 (pbk.)
035 ## - SYSTEM CONTROL NUMBER
System control number (OCoLC)13796433
050 00 - LIBRARY OF CONGRESS CALL NUMBER
Classification number GV854.85
Item number .T45 1986
082 00 - DEWEY DECIMAL CLASSIFICATION NUMBER
Classification number 796.93/07
Edition number 19
029 1# - (OCLC)
OCLC library identifier YDXCP
System control number 344264
029 1# - (OCLC)
OCLC library identifier NZ1
System control number 3865820
029 1# - (OCLC)
OCLC library identifier AU@
System control number 000004606274
100 1# - MAIN ENTRY--PERSONAL NAME
Personal name Tejada-Flores, Lito.
245 10 - TITLE STATEMENT
Title Breakthrough on skis :
Medium [electronic resource]
Remainder of title how to get out of the intermediate rut /
Statement of responsibility, etc by Lito Tejada-Flores.
250 ## - EDITION STATEMENT
Edition statement 1st ed.
260 ## - PUBLICATION, DISTRIBUTION, ETC. (IMPRINT)
Place of publication, distribution, etc New York :
Name of publisher, distributor, etc Vintage Books,
Date of publication, distribution, etc 1986.
300 ## - PHYSICAL DESCRIPTION
Extent xxv, 291 p. :
Other physical details ill. ;
Dimensions 21 cm.
506 ## - RESTRICTIONS ON ACCESS NOTE
Standardized terminology for access restriction Необхідна авторизація на https://archive.org/ (створення облікового запису безкоштовно)
506 ## - RESTRICTIONS ON ACCESS NOTE
Standardized terminology for access restriction Необхідна авторизація на https://openlibrary.org/ (створення облікового запису безкоштовно)
650 #0 - SUBJECT ADDED ENTRY--TOPICAL TERM
Topical term or geographic name as entry element Skis and skiing
General subdivision Training.
856 41 - ELECTRONIC LOCATION AND ACCESS
Uniform Resource Identifier <a href="http://www.archive.org/details/breakthroughonsk00teja">http://www.archive.org/details/breakthroughonsk00teja</a>
Public note Free eBook from the Internet Archive
856 42 - ELECTRONIC LOCATION AND ACCESS
Uniform Resource Identifier <a href="http://www.openlibrary.org/books/OL2739421M">http://www.openlibrary.org/books/OL2739421M</a>
Public note Additional information and access via Open Library
942 ## - ADDED ENTRY ELEMENTS (KOHA)
Koha item type ЕКнига

Немає доступних примірників.